| 000 | 00666cam a2200241 a 4500 | ||
|---|---|---|---|
| 001 | 1022622 | ||
| 005 | 20180309094429.0 | ||
| 008 | 880719s1989 mdu b 001 0 eng | ||
| 010 | _a 88045395 | ||
| 020 | _a0801836069 (pbk. : alk. paper) | ||
| 020 | _a0801836050 (hard : alk. paper) | ||
| 040 |
_aDLC _cDLC _dDLC |
||
| 041 | _aeng | ||
| 043 | _an-us--- | ||
| 080 | _a342.7302 ANA | ||
| 082 | 0 | 0 |
_a342.7302 ANA _a347.3022 _219 |
| 100 | 1 | _a14 | |
| 101 | _aSHJ | ||
| 245 | 1 | 4 |
_aThe Constitution of 1787 : _cGeorge Anastaplo. |
| 504 | _aBibliography: p. 303-330. | ||
| 906 |
_a7 _bcbc _corignew _d1 _eocip _f19 _gy-gencatlg |
||
| 942 |
_2ddc _cBK |
||
| 999 |
_c44642 _d44642 |
||